Who Wrote That? #8 - Statistics

General Stats
  • This quiz has been taken 60 times
  • The average score is 5 of 10
Answer Stats
Hint Explanation Answer % Correct
“Winter is coming.” A Storm of Swords George R. R. Martin
87%
“War is peace. Freedom is slavery. Ignorance is strength.” Nineteen Eighty-Four George Orwell
85%
“I saw the best minds of my generation destroyed by madness, starving hysterical naked,
dragging themselves through the negro streets at dawn looking for an angry fix,
angelheaded hipsters burning for the ancient heavenly connection to the starry dynamo in the machinery of night . . .”
“Howl” Allen Ginsberg
67%
“Beauty is truth, truth beauty,—that is all
Ye know on earth, and all ye need to know.”
“Ode on a Grecian Urn” John Keats
62%
“April is the cruellest month, breeding
Lilacs out of the dead land, mixing
Memory and desire, stirring
Dull roots with spring rain.”
“The Waste Land” T. S. Eliot
56%
“Too much sanity may be madness, and maddest of all is to see life as it is and not as it should be.” Don Quixote Miguel de Cervantes Saavedra
46%
“It was a dark and stormy night; the rain fell in torrents, except at occasional intervals, when it was checked by a violent gust of wind which swept up the streets (for it is in London that our scene lies), rattling along the house-tops, and fiercely agitating the scanty flame of the lamps that struggled against the darkness.” Paul Clifford Edward Bulwer-Lytton
38%
“And in that moment, I swear we were infinite.” The Perks of Being a Wallflower Stephen Chbosky
38%
“We real cool. We
Left school. We
Lurk late. We
Strike straight”
“We Real Cool” Gwendolyn Brooks
31%
“Dashed hopes and good intentions. Good, better, best, bested.” Who's Afraid of Virginia Woolf? Edward Albee
26%
No matching quizzes found
Score Distribution
Percent of People with Each Score
Percentile by Number Answered
Your Score History
You have not taken this quiz